[Event "Ruhrgebiet Regionalliga 1819"]
[Site "Nordrheinwestfalen"]
[Date "2019.01.27"]
[Round "6.6"]
[White "Rumpf, Thomas"]
[Black "Kudelka, Josua"]
[Result "1/2-1/2"]
[WhiteElo "2014"]
[BlackElo "1965"]
[PlyCount "29"]
[EventDate "2018.09.02"]
[EventType "team-tourn"]
[EventRounds "11"]
[EventCountry "GER"]
[SourceTitle "EXT 2022"]
[Source "ChessBase"]
[SourceDate "2021.10.06"]
[SourceVersion "1"]
[SourceVersionDate "2021.10.06"]
[SourceQuality "1"]
[WhiteTeam "Kamen SV"]
[BlackTeam "Essen Katernberg II"]
[WhiteTeamCountry "GER"]
[BlackTeamCountry "GER"]

1. e4 c5 2. Nf3 d6 3. Bb5+ Nd7 4. 0-0 a6 5. Be2 Ngf6 6. Nc3 b5 7. d3 Bb7 8. Bg5 e6 9. a4 b4 10. Nb1 a5 11. Nbd2 Qc7 12. Re1 h6 13. Bxf6 Nxf6 14. d4 Nd7 15. Bb5 1/2-1/2

[Event "Ruhrgebiet Regionalliga 1819"]
[Site "Nordrheinwestfalen"]
[Date "2018.10.28"]
[Round "3.8"]
[White "Kudelka, Josua"]
[Black "Gitschel, Ralf"]
[Result "1/2-1/2"]
[WhiteElo "1965"]
[BlackElo "1870"]
[PlyCount "36"]
[EventDate "2018.09.02"]
[EventType "team-tourn"]
[EventRounds "11"]
[EventCountry "GER"]
[SourceTitle "EXT 2022"]
[Source "ChessBase"]
[SourceDate "2021.10.06"]
[SourceVersion "1"]
[SourceVersionDate "2021.10.06"]
[SourceQuality "1"]
[WhiteTeam "Essen Katernberg II"]
[BlackTeam "Eichlinghofen SV"]
[WhiteTeamCountry "GER"]
[BlackTeamCountry "GER"]

1. Nf3 c5 2. c4 g6 3. Nc3 Bg7 4. g3 Nf6 5. Bg2 0-0 6. d4 cxd4 7. Nxd4 Nc6 8. 0-0 Nxd4 9. Qxd4 d6 10. Qd3 Bf5 11. e4 Be6 12. b3 Qd7 13. Rd1 Bh3 14. Bb2 Bxg2 15. Kxg2 Qg4 16. h3 Qg5 17. Qd2 Qxd2 18. Rxd2 Rac8 1/2-1/2

[Event "Ruhrgebiet Verbandsklasse Gruppe 3 1617"]
[Site "Germany"]
[Date "2016.12.18"]
[Round "5.3"]
[White "Riese, Manfred"]
[Black "Kudelka, Josua"]
[Result "0-1"]
[WhiteElo "1829"]
[BlackElo "1878"]
[PlyCount "82"]
[EventDate "2016.09.04"]
[EventType "team-tourn"]
[EventRounds "9"]
[EventCountry "GER"]
[SourceTitle "EXT 2022"]
[Source "ChessBase"]
[SourceDate "2021.10.06"]
[SourceVersion "1"]
[SourceVersionDate "2021.10.06"]
[SourceQuality "1"]
[WhiteTeam "Muelheim SC"]
[BlackTeam "Katernberg SF IV"]
[WhiteTeamCountry "GER"]
[BlackTeamCountry "GER"]

1. c4 e5 2. g3 Nf6 3. Bg2 Nc6 4. Nc3 Bc5 5. a3 a6 6. e3 d6 7. Nge2 Ba7 8. 0-0 h5 9. d4 h4 10. Nd5 Bf5 11. dxe5 dxe5 12. Nec3 Nxd5 13. cxd5 Ne7 14. d6 Nc6 15. dxc7 Qxc7 16. Nd5 Qc8 17. Re1 Bh3 18. Bh1 Qd7 19. b4 hxg3 20. hxg3 Be6 21. Nc3 Qe7 22. Bb2 Qg5 23. Bg2 Qh6 24. Nd5 Qh2+ 25. Kf1 0-0-0 26. e4 Bh3 27. Qf3 Qh1+ 28. Ke2 Qxg2 29. Qxg2 Bxg2 30. f3 Rh2 31. Rab1 Bd4 32. Bc1 Bh3+ 33. Kd3 Be6 34. Be3 Bxe3 35. Kxe3 Bxd5 36. exd5 Rxd5 37. Rbc1 f5 38. g4 fxg4 39. fxg4 Rh3+ 40. Ke4 Rd4+ 41. Kf5 Rf3+ 0-1

[Event "Ruhrgebiet Verbandsklasse Gruppe 3 1617"]
[Site "Germany"]
[Date "2016.11.27"]
[Round "4.4"]
[White "Schulze Bisping, Franz Adolf"]
[Black "Kudelka, Josua"]
[Result "1/2-1/2"]
[WhiteElo "1854"]
[BlackElo "1878"]
[PlyCount "33"]
[EventDate "2016.09.04"]
[EventType "team-tourn"]
[EventRounds "9"]
[EventCountry "GER"]
[SourceTitle "EXT 2022"]
[Source "ChessBase"]
[SourceDate "2021.10.06"]
[SourceVersion "1"]
[SourceVersionDate "2021.10.06"]
[SourceQuality "1"]
[WhiteTeam "Erkenschwick II"]
[BlackTeam "Katernberg SF IV"]
[WhiteTeamCountry "GER"]
[BlackTeamCountry "GER"]

1. d4 Nf6 2. c4 e6 3. Nc3 Bb4 4. Nf3 b6 5. Bg5 Bb7 6. e3 0-0 7. Bd3 Bxc3+ 8. bxc3 d6 9. 0-0 Nbd7 10. a4 a5 11. Nd2 e5 12. Qb3 Re8 13. f3 h6 14. Bh4 Qe7 15. Rae1 g5 16. Bg3 e4 17. fxe4 1/2-1/2